| Tag |
First Indicator |
Second Indicator |
Subfields |
| LEADER |
00000nam a2200000 a 4500 |
| 001 |
in00005688321 |
| 005 |
20260214234847.2 |
| 006 |
m o d |
| 007 |
cr cn||||||||| |
| 008 |
060210s2006 iaua obf 001 0 eng d |
| 010 |
|
|
|z 2006004759
|
| 035 |
|
|
|a wil6005422
|
| 035 |
|
|
|a (NhCcYBP)wil6005422
|
| 040 |
|
|
|a NhCcYBP
|b eng
|c NhCcYBP
|
| 020 |
|
|
|a 0470276460
|q (electronic bk.)
|
| 020 |
|
|
|a 9780470276464
|q (electronic bk.)
|
| 020 |
|
|
|z 0813819199
|q (alk. paper)
|
| 020 |
|
|
|z 9780813819198
|
| 020 |
|
|
|z 9780470278376
|
| 020 |
|
|
|z 0470278374
|
| 020 |
|
|
|a 1281317942
|
| 020 |
|
|
|a 9781281317940
|
| 020 |
|
|
|a 9786611317942
|
| 020 |
|
|
|a 6611317945
|
| 024 |
7 |
|
|a 10.1002/9780470278376
|2 doi
|
| 037 |
|
|
|a 10.1002/9780470278376
|b Wiley InterScience
|n http://www3.interscience.wiley.com
|
| 050 |
|
4 |
|a SB741.F9
|b L47 2006eb
|
| 070 |
|
|
|a SB741.F9
|b L47 2006
|
| 072 |
|
7 |
|a PSQ
|2 bicssc
|
| 072 |
|
7 |
|a TEC
|x 003000
|2 bisacsh
|
| 082 |
0 |
4 |
|a 632/.4677
|2 22
|
| 100 |
1 |
|
|a Leslie, John F.,
|d 1953-
|1 https://id.oclc.org/worldcat/entity/E39PBJp9pmyvJq4VGw79bdMXVC
|
| 245 |
1 |
4 |
|a The fusarium laboratory manual /
|c John F. Leslie and Brett A. Summerell ; photographs by Suzanne Bullock.
|
| 250 |
|
|
|a 1st ed.
|
| 260 |
|
|
|a Ames, Iowa :
|b Blackwell Pub.,
|c 2006.
|
| 300 |
|
|
|a 1 online resource (xii, 388 pages) :
|b illustrations
|
| 336 |
|
|
|a text
|b txt
|2 rdacontent
|
| 337 |
|
|
|a computer
|b c
|2 rdamedia
|
| 338 |
|
|
|a online resource
|b cr
|2 rdacarrier
|
| 347 |
|
|
|a data file
|2 rda
|
| 380 |
|
|
|a Handbook
|
| 504 |
|
|
|a Includes bibliographical references (pages 281-368) and index.
|
| 588 |
0 |
|
|a Print version record.
|
| 505 |
0 |
|
|a Cover -- TOC36;Contents -- Foreword -- Preface -- CH36;146; Introduction -- Techniques and Methods -- CH36;246; Media 8211; Recipes and Preparation -- 246;1 Media for Growing and Identifying Fusarium -- 246;2 Supplementary Identification Media -- 246;3 Media for Isolating Fusarium -- 246;4 Media for the Preparation of Natural Inocula -- 246;5 Synthetic and Semi45;synthetic Media -- 246;6 Media for Sexual Crosses -- 246;7 Sterilization of Media and Materials -- CH36;346; Techniques for Recovering Fusarium -- 346;1 Collecting Strategy -- 346;2 Isolation Techniques 8211; Plants -- 346;3 Isolation Techniques 8211; Soil -- 346;4 Isolation Techniques 8211; Spore Trapping and Air Sampling -- 346;5 Seed Disinfestation -- CH36;446; Techniques for Growing and Maintaining Fusarium -- 446;1 Vegetative Propagation -- 446;2 Preparing Cultures for Identification -- 446;3 Single45;spore Subcultures -- 446;4 Mutagenesis -- 446;5 Culture Preservation -- CH36;546; Vegetative Compatibility Groups 40;VCGs41; -- 546;1 History of and Genetic Basis Underlying Vegetative Compatibility -- 546;2 Overall Strategy for Determining if Strains are Vegetatively Compatible -- 546;3 Recovering and Identifying nit Mutants -- 546;4 Typical Pairing Protocols -- 546;5 Common Trouble Spots 8211; HSI44; crn44; and NitMs -- 546;6 Characterizing a Population with VCGs -- CH36;646; Fertility Concepts -- 646;1 Heterothallic44; Homothallic and Pseudohomothallic -- 646;2 Mating Type -- 646;3 Population Effects of Mating Type -- 646;4 Male44; Female and Hermaphrodite -- 646;5 Crossing Protocols -- 646;6 Developing Female45;Fertile Tester Strains -- 646;7 Species Identification Through Sexual Crosses -- CH36;746; Nucleic Acid Analyses -- 746;1 DNA Extraction and Purification -- 746;2 PCR 8211; Mating45;Type Alleles -- 746;3 Amplified Fragment Length Polymorphisms 40;AFLPs41; -- 746;4 Sequence Analysis and Sequenced Loci -- 746;5 Genetic Maps -- Taxonomy and Identification of Fusarium -- CH36;846; A Brief History of Fusarium Taxonomy -- CH36;946; Species Concepts in Fusarium -- 946;1 Generic Problems in Speciation in Fusarium -- 946;2 Morphological Species Concepts -- 946;3 Biological Species Concepts -- 946;4 Phylogenetic Species Concepts -- 946;5 How Many Strains Make a Species63; -- 946;6 Species Names -- 946;7 Subspecific Terminology -- 946;8 A Species Concept for Fusarium -- CH36;1046; Teleomorphs of Fusarium -- 1046;1 Taxonomy of Teleomorphs -- 1046;2 General Teleomorph Characters -- 1046;3 Sexual Development and Differentiation -- 1046;4 Spore Killer -- 1046;5 Anamorph45;Teleomorph Connections -- CH36;1146; Practical Approaches to Identification -- 1146;1 Overall Identification Strategy -- 1146;2 The Diseased Plant and Its Geographic Origin -- 1146;3 Native and Agricultural Populations -- 1146;4 Culture Preparation -- 1146;5 The Essence of Morphological Identifications -- 1146;6 Beyond Morphology 8211; Sexual Cross45; Fertility -- 1146;7 Beyond Morphology 8211; Molecular Diagnostics -- 1146;8 The Special Case of Fusarium oxysporum -- 1146;9 Differences Between Temperate and Tropical Regions -- 1146;10 Conclusions -- Species Descriptions -- 1246; Morpho.
|
| 520 |
|
|
|a For the first time in over 20 years, a comprehensive collection of photographs and descriptions of species in the fungal genus Fusarium is available. This laboratory manual provides an overview of the biology of Fusarium and the techniques involved in the isolation, identification and characterization of individual species and the populations in which they occur. It is the first time that genetic, morphological and molecular approaches have been incorporated into a volume devoted to Fusarium identification. The authors include descriptions of species, both new and old, and provide protocols for genetic, morphological and molecular identification techniques."The Fusarium Laboratory Manual" also includes some of the evolutionary biology and population genetics thinking that has begun to inform the understanding of agriculturally important fungal pathogens. In addition to practical 'how-to' protocols it also provides guidance in formulating questions and obtaining answers about this very important group of fungi. The need for as many different techniques as possible to be used in the identification and characterization process has never been greater. These approaches have applications to fungi other than those in the genus Fusarium. This volume presents an introduction to the genus Fusarium, the toxins these fungi produce and the diseases they can cause.
|
| 546 |
|
|
|a English.
|
| 650 |
|
0 |
|a Fusarium
|v Laboratory manuals.
|
| 700 |
1 |
|
|a Summerell, Brett A.
|
| 776 |
0 |
8 |
|i Print version:
|a Leslie, John F., 1953-
|t Fusarium laboratory manual.
|b 1st ed.
|d Ames, Iowa : Blackwell Pub., 2006
|w (DLC) 2006004759
|
| 856 |
4 |
0 |
|u http://proxy.library.tamu.edu/login?url=https://onlinelibrary.wiley.com/book/10.1002/9780470278376
|z Connect to the full text of this electronic book
|t 0
|
| 955 |
|
|
|a Wiley EBA record
|
| 975 |
|
|
|p Wiley UBCM Full Collection
|
| 976 |
|
|
|a 6005422
|
| 999 |
f |
f |
|i b9ef9429-98e5-4f67-845e-d23cf1b664c4
|s 8c6344ae-3a7a-491c-95cb-b2efcdb9c65d
|t 0
|
| 952 |
f |
f |
|a Texas A&M University
|b College Station
|c Electronic Resources
|s evans_pda
|d Available Online
|t 0
|e SB741.F9 L47 2006eb
|h Library of Congress classification
|
| 998 |
f |
f |
|a SB741.F9 L47 2006eb
|t 0
|l Available Online
|